| 000 | 00732cab a2200205 4500 | ||
|---|---|---|---|
| 001 | ##ABS52762 | ||
| 008 | 090401t1995 xxu||||| |||| 00| 0 eng d | ||
| 035 | _a(Sirsi) u10 | ||
| 041 | 0 | _aeng | |
| 100 | 1 | _aTompsett, R. | |
| 245 | 0 | 0 |
_aForthcoming attractions _ba visit to your local multiplex? |
| 260 | _c1995 | ||
| 350 | _a0 | ||
| 490 |
_aPlanning Week _v3(16) 20 April 1995, 6(1) |
||
| 520 | _aBelieves that out-of-town cinema complexes should be considered in the same way as out-of-town retail developments, maintaining that cinema closures in the high street have a negative effect on town centres. | ||
| 651 | 4 |
_aEngland and Wales _y1543- |
|
| 690 |
_aPlanning and development _96259 |
||
| 942 |
_n0 _2ddc |
||
| 948 | _c04/03/1997 | ||
| 999 |
_c3 _d3 |
||